000 00528nam a2200181Ia 4500
003 GCL
008 140319s9999 xx 000 0 eng d
040 _aGCL /
_cGCL
082 0 4 _a005.3
_bC C
100 1 _aCOUWENBERGH, JEAN PIERRE
245 1 0 _aCA-SUPERPROJECT FACILE: THEORIE ET PRATIQUE DE LA GESTION DES PROJECTS /
_cCOUWENBERGH, JEAN PIERRE
260 _a[S.N] :
_bMARABOUT UNIVERSITE ،
_c1993
300 _a347 P
650 0 4 _aCOMPUTER SOFTWARE
650 0 4 _aWINDOWS
650 0 4 _aCOMPUTER PROGRM
942 _2ddc
_cBK
999 _c23416
_d23416